Welcome to the Holygrace Academy Library

Please use search bar below to get started

BIMBU (Record no. 9098)

MARC details
000 -LEADER
fixed length control field 00288nam a22001337a 4500
082 ## - DEWEY DECIMAL CLASSIFICATION NUMBER
Classification number 894.812.3
Item number VEN/B
100 ## - MAIN ENTRY--AUTHOR NAME
Personal name VENU, VARIYATH
245 ## - TITLE STATEMENT
Title BIMBU
246 ## - VARYING FORM OF TITLE
Title proper/short title BIMBU
Remainder of title BIMBU
260 ## - PUBLICATION, DISTRIBUTION, ETC. (IMPRINT)
Place of publication ALUVA
Name of publisher BALASAHITHYAPRAKASAN
Year of publication 2021
300 ## - PHYSICAL DESCRIPTION
Number of Pages 55
650 ## - SUBJECT ADDED ENTRY--TOPICAL TERM
Topical Term MALAYALAM STORY
942 ## - ADDED ENTRY ELEMENTS (KOHA)
Koha item type Books
Holdings
Withdrawn status Lost status Collection code Home library Current library Shelving location Date acquired Source of acquisition Cost, normal purchase price Full call number Accession Number Koha item type
    MALAYALAM FICTION Main Library Main Library SHELF-6C MALAYALAM SHORT STORIES 18/06/2025 PURCHASED 60.00 894.812.3 VEN/B 13810 Books